00466nam a2200169 a 4500008004100000020001500041050001700056100002100073245001700094250001300111260003200124300001300156350000900169500008700178650001700265650001400282120416s1976 ||||||||||||||||| || u a0202060748 aHB 171.5 Fri aFriedman, Milton10aPrice theory aRev. ed. aNew York:bAldine Pubc1976 ax, 357p. a0.00 aInitial edition published in 1962 under title: "Price theory: a provisional text". aPRICE THEORY 0aECONOMICS